[Event "RUS-chT Blitz Women 2018"]
[Site "Sochi"]
[Date "2018.10.10"]
[Round "13"]
[White "Zhurova, Anna"]
[Black "Vinokur, Yuliya"]
[Result "0-1"]
[WhiteElo "1947"]
[BlackElo "2170"]
[Annotator "TA"]
[PlyCount "100"]
[EventDate "2018.10.10"]
[EventType "swiss"]
[EventCountry "RUS"]
[SourceTitle "playchess.com"]
[Source "ChessBase"]
[SourceQuality "1"]

{[%evp 9,100,24,16,-45,29,0,0,0,22,8,22,14,27,35,25,14,22,21,21,0,0,10,55,47,37,46,97,81,75,66,109,-33,-21,-54,-47,-24,-7,0,52,67,150,36,32,8,199,-12,76,27,78,43,110,-8,0,-41,0,-23,56,0,0,-29,-28,-40,-34,-560,-553,-585,-568,-623,-619,-611,-605,-820,-817,-822,-816,-813,-810,-784,-765,-814,-802,-773,-675,-827,-658,-622,-598,-29976,-29977,-29981,-29982,-29977,-29978]} 1. e4 Nf6 2. Nc3 d5 3. exd5 Nxd5 4. d4 c6 (4... Nxc3 5. bxc3 g6 6. Bf4 Bg7 7. Qd2 c5 8. Nf3 Qa5 9. Be2 Nc6 10. Ne5 cxd4 11. Nxc6 bxc6 12. Bf3 Bd7 13. cxd4 Qxd2+ 14. Bxd2 Bxd4 {0-1 (64) Pulpan,J (2368)-Pavlov,S (2467) Pardubice 2017}) 5. h3 Bf5 6. Nf3 $146 {B02: Alekhine's Defence: Chase Variation and lines with early Nc3} (6. Bd3 $11 Bxd3 7. Qxd3) ({Predecessor:} 6. a3 e6 7. Nf3 Bd6 8. Bd3 Bxd3 9. Qxd3 Nd7 10. Ne2 Qc7 11. Bd2 Nf4 12. Nxf4 Bxf4 13. O-O-O O-O-O 14. Qe4 Bxd2+ 15. Rxd2 Nf6 16. Qe3 Nd5 {½-½ (16) Krueger,T (1827)-Mueller,P (1999) Bad Homburg 2006}) 6... e6 (6... Nb4 $1 $15 7. Bd3 Nxd3+ 8. cxd3 Nd7) 7. Nxd5 cxd5 8. Bd3 {The position is equal.} Bg6 9. Bf4 Nc6 10. c3 Qb6 11. Bxg6 hxg6 12. Qb3 Na5 13. Qa4+ Nc6 14. Qb3 Qa6 15. a4 Na5 (15... f6 {looks sharper.} 16. Bh2 Kf7 17. Qb5 g5 18. Ke2 Be7) 16. Qb5+ Qxb5 17. axb5 b6 ({Better is} 17... Nc4 $1 $14) 18. Nd2 Be7 19. Ke2 Kd7 20. b4 (20. Ra4 $16) 20... Nb7 $15 21. Kd3 Bd6 22. Be3 Rhc8 23. Ra6 Rc7 (23... Bc7 $11) 24. Rha1 $14 Nd8 {[#]} (24... Be7 $1 $14) 25. Bg5 (25. Rxb6 $1 $16 {[%mdl 512] aiming for Rba6.} axb6 26. Rxa8) 25... f6 26. Be3 e5 $2 (26... Rb7 $11 {and Black has nothing to worry.}) 27. Rxb6 $2 (27. dxe5 $18 Bxe5 28. R1a3) 27... Rac8 (27... e4+ $11 28. Kc2 Bxb4) 28. Rba6 (28. Rxd6+ $5 Kxd6 29. dxe5+ Kxe5 30. Bc5 $14) 28... Rxc3+ 29. Ke2 Bb8 (29... Rc2 $14) 30. b6 ({White should play} 30. dxe5 $16 fxe5 31. Rxg6 (31. Bxa7 Ne6 $16)) 30... axb6 $11 31. Rxb6 Ne6 (31... Bc7 $5 {[%cal Rc7b6]} 32. Rba6 Ne6 33. dxe5 Bxe5 $15) 32. Rb7+ Kd8 (32... R3c7 $11 33. Rxc7+ Rxc7) 33. Ra8 (33. Ra6 $14 exd4 34. Rxe6 dxe3 35. fxe3) 33... Bd6 $36 {[%mdl 2048] Black has some pressure.} 34. Rxc8+ Kxc8 35. Rb6 Kc7 36. Ra6 $2 {[%mdl 8192] [#]} (36. dxe5 $15 fxe5 37. Ra6) 36... exd4 $19 37. Nb1 Rb3 38. Nd2 Rxb4 39. Ra7+ Kb6 40. Rd7 Kc6 41. Ra7 dxe3 42. fxe3 Rb2 43. Ra6+ Kd7 44. Ra7+ Nc7 45. Kd3 Kc6 46. e4 Bc5 47. exd5+ Kd7 48. g4 Bxa7 {Black mates.} 49. Nc4 Rb3+ 50. Kc2 Rxh3 {Precision: White = 22%, Black = 26%.} 0-1

[Event "RUS-chT Blitz Women 2018"]
[Site "Sochi"]
[Date "2018.10.10"]
[Round "13"]
[White "Vyrtosu, Natalia"]
[Black "Guseva, Marina"]
[Result "1/2-1/2"]
[WhiteElo "1894"]
[BlackElo "2292"]
[Annotator "TA"]
[PlyCount "84"]
[EventDate "2018.10.10"]
[EventType "swiss"]
[EventCountry "RUS"]
[SourceTitle "playchess.com"]
[Source "ChessBase"]
[SourceQuality "1"]

{[%evp 16,84,37,33,49,55,55,8,12,13,17,0,0,0,7,-195,-202,-226,-242,-233,-172,-197,-193,-173,-166,-141,-67,-66,-60,-59,-61,-62,-68,-83,-83,-84,-90,-75,-56,-58,-65,-77,-7,-28,0,0,0,0,0,0,0,-83,-83,-83,-83,-83,-83,-83,-83,-98,-91,-124,-13,-13,0,-12,0,-7,0,0,0]} 1. d4 d5 2. Bf4 c5 3. e3 Nc6 4. Nf3 cxd4 5. exd4 Bg4 (5... Bf5 6. c3 e6 7. Qb3 Qd7 8. Nbd2 f6 9. Be2 g5 10. Bg3 h5 11. h4 g4 12. Ng1 Nh6 13. Bb5 {1-0 (60) Ni,H (2671)-Riazantsev,A (2650) Riadh 2017}) 6. c3 {B13: Caro-Kann: Exchange Variation and Panov-Botvinnik Attack} Bxf3 7. Qxf3 e6 8. Nd2 Nf6 9. Bd3 {LiveBook: 4 Games} Be7 10. O-O O-O 11. Be5 $146 ({Predecessor:} 11. Rfe1 Re8 12. Qh3 Nb8 13. Nf3 {1-0 (43) Sveshnikov,E (2512)-Tjurin,A (2371) Cheliabinsk 2004}) 11... Nxe5 12. dxe5 Nd7 13. Qh5 {[%csl Gd3][%cal Rh5h7]} g6 14. Qe2 Qb6 15. Kh1 $2 (15. Nf3 $11 {and White stays safe.}) 15... Qxb2 $19 16. Rab1 Qxc3 17. Rxb7 Rfd8 18. Bb5 Qc8 $1 {[%cal Rc8b7]} 19. Ba6 Nc5 20. Rc1 Bg5 (20... Rd7 $17 21. Rxa7 Qe8 22. Rxd7 Qxd7) 21. Rxa7 $15 Qb8 $1 {[%cal Rb8a7]} ({Reject} 21... Qc6 $6 22. Bb7 $1 $14 {[%mdl 512]}) 22. Rxa8 Qxa8 23. Rxc5 {Hoping for Nf3.} Bxd2 $1 24. Qxd2 {aiming for Bb5.} Qxa6 {[%cal Ra6f1][%mdl 4096] Endgame KQR-KQR} 25. h3 Ra8 26. Rc2 Qf1+ 27. Kh2 Qa1 28. Qg5 Qd4 ({Better is} 28... Qb1 $17 29. Qd2 Ra4) 29. Qf6 Qe4 30. Rc7 Rf8 31. Rd7 Qa4 32. Rd8 $1 Qa3 33. Rd7 (33. f3 $11 {keeps the balance.}) 33... Qxa2 $17 34. Rd8 {[#]} Qa3 $1 35. Rd7 Qc5 36. f3 Qa5 37. Rd6 Qc7 38. f4 Qa7 (38... h6 $17 39. Kg3 Re8) 39. Qg5 $11 {The position is equal.} d4 40. Qg3 Rc8 41. Qd3 Qa1 42. Qxd4 Qxd4 {Precision: White = 49%, Black = 47%.} 1/2-1/2

[Event "RUS-chT Blitz Women 2018"]
[Site "Sochi"]
[Date "2018.10.10"]
[Round "13"]
[White "Soboleva, Anastasia"]
[Black "Mamontova, Anastasia"]
[Result "1-0"]
[WhiteElo "1769"]
[BlackElo "2009"]
[Annotator "NA RC"]
[PlyCount "83"]
[EventDate "2018.10.10"]
[EventType "swiss"]
[EventCountry "RUS"]
[SourceTitle "playchess.com"]
[Source "ChessBase"]
[SourceQuality "1"]
[TimeControl "180+2"]

1. e4 {[%emt 0:00:00]} c6 {[%emt 0:00:00]} 2. d4 {[%emt 0:00:00]} d5 {[%emt 0:00:01]} 3. exd5 {[%emt 0:00:01]} cxd5 {[%emt 0:00:01]} 4. Bd3 {[%emt 0:00:00]} Nc6 {[%emt 0:00:01]} 5. c3 {[%emt 0:00:02]} Nf6 6. h3 Qc7 {[%emt 0:00:28]} 7. Nf3 {[%emt 0:00:02]} e5 {[%emt 0:00:17]} 8. dxe5 {[%emt 0:00:07]} Nxe5 {[%emt 0:00:03]} 9. Qe2 {[%emt 0:01:19]} Ne4 {[%emt 0:00:46]} 10. Nxe5 {[%emt 0:00:44]} Qxe5 {[%emt 0:00:02]} 11. f3 {[%emt 0:00:01]} Qg3+ {[%emt 0:01:15]} 12. Kd1 {[%emt 0:00:00]} f5 {[%emt 0:00:05]} 13. fxe4 {[%emt 0:00:02]} dxe4 {[%emt 0:00:02]} 14. Bb5+ {[%emt 0:00:02]} Kf7 {[%emt 0:00:03]} 15. Qc4+ {[%emt 0:00:03]} Be6 {[%emt 0:00:02]} 16. Qe2 {[%emt 0:00:14]} Rd8+ {[%emt 0:00:09]} 17. Kc2 {[%emt 0:00:04]} Be7 {[%emt 0:00:09]} 18. Rf1 {[%emt 0:00:06]} g6 {[%emt 0:00:02]} 19. Bf4 {[%emt 0:00:05]} Qh4 {[%emt 0:00:02]} 20. Be5 {[%emt 0:00:02]} Rhf8 {[%emt 0:00:03]} 21. Nd2 {[%emt 0:00:04]} Qg5 {[%emt 0:00:04]} 22. Bf4 {[%emt 0:00:01]} Qf6 {[%emt 0:00:01]} 23. Rad1 {[%emt 0:00:03]} a6 {[%emt 0:00:02]} 24. Bc4 {[%emt 0:00:01]} b5 {[%emt 0:00:01]} 25. Bxe6+ {[%emt 0:00:01]} Qxe6 {[%emt 0:00:01]} 26. Kb1 {[%emt 0:00:01]} g5 {[%emt 0:00:03]} 27. Bc7 {[%emt 0:00:13]} Rd7 {[%emt 0:00:03]} 28. Ba5 {[%emt 0:00:04]} Kg8 {[%emt 0:00:01]} 29. Nb3 {[%emt 0:00:03]} Rxd1+ {[%emt 0:00:03]} 30. Rxd1 {[%emt 0:00:01]} f4 {[%emt 0:00:01]} 31. Nd4 {[%emt 0:00:03]} Qf6 {[%emt 0:00:02]} 32. c4 {[%emt 0:00:05]} bxc4 {[%emt 0:00:01]} 33. Qxc4+ {[%emt 0:00:01]} Kh8 {[%emt 0:00:03]} 34. Ne6 {[%emt 0:00:03]} Re8 {[%emt 0:00:03]} 35. Bc3 {[%emt 0:00:01]} e3 {[%emt 0:00:04]} 36. Bxf6+ {[%emt 0:00:01]} Bxf6 {[%emt 0:00:01]} 37. Re1 {[%emt 0:00:05]} Rb8 {[%emt 0:00:01]} 38. b3 {[%emt 0:00:02]} Re8 {[%emt 0:00:02]} 39. h4 {[%emt 0:00:04]} h6 {[%emt 0:00:01]} 40. hxg5 {[%emt 0:00:02]} Bxg5 {[%emt 0:00:03]} 41. Qd4+ {[%emt 0:00:02]} Kh7 {[%emt 0:00:01]} 42. Qg7# {[%emt 0:00:02]} 1-0